| 000 | 00386nam a22001457a 4500 | ||
|---|---|---|---|
| 003 | OSt | ||
| 005 | 20160727222348.0 | ||
| 008 | 160621b xxu||||| |||| 00| 0 eng d | ||
| 040 | _cTEST | ||
| 100 |
_9300 _aDey, A |
||
| 245 |
_aMorden indiaI _bA History Text Book For Class VIII |
||
| 260 |
_aN.D _bNCERT _c1989 |
||
| 300 | _aMorden india, A History Text Book For Class VIII | ||
| 942 |
_2ddc _cBK |
||
| 999 |
_c243 _d243 |
||